MyGZULibrary

Mitambo yavasikana navakomana pasichigare / (Record no. 5181)

MARC details
000 -LEADER
fixed length control field 00628cam a22002177a 4500
001 - CONTROL NUMBER
control field 968607
003 - CONTROL NUMBER IDENTIFIER
control field GZU
005 - DATE AND TIME OF LATEST TRANSACTION
control field 20210330091901.0
008 - FIXED-LENGTH DATA ELEMENTS--GENERAL INFORMATION
fixed length control field 900518s1984 rh a 000 0 sna
010 ## - LIBRARY OF CONGRESS CONTROL NUMBER
LC control number 84981085
020 ## - INTERNATIONAL STANDARD BOOK NUMBER
International Standard Book Number 0869253220
040 ## - CATALOGING SOURCE
Original cataloging agency DLC
Transcribing agency DLC
Modifying agency DLC
050 00 - LIBRARY OF CONGRESS CALL NUMBER
Classification number PL8681.4 HOD 1984
100 1# - MAIN ENTRY--PERSONAL NAME
Personal name Hodza, Aaron C.
245 10 - TITLE STATEMENT
Title Mitambo yavasikana navakomana pasichigare /
Statement of responsibility, etc. A.C. Hodza.
260 ## - PUBLICATION, DISTRIBUTION, ETC.
Place of publication, distribution, etc. Harare, Zimbabwe :
Name of publisher, distributor, etc. College Press,
Date of publication, distribution, etc. 1984.
300 ## - PHYSICAL DESCRIPTION
Extent 122 p. :
Other physical details ill. ;
Dimensions 21 cm.
906 ## - LOCAL DATA ELEMENT F, LDF (RLIN)
a 7
b cbc
c orignew
d u
e ncip
f 19
g y-gencatlg
942 ## - ADDED ENTRY ELEMENTS (KOHA)
Source of classification or shelving scheme Library of Congress Classification
Koha item type Books
Classification part 8681.4
Item part HOD
Call number prefix PL
Call number suffix 1984
Holdings
Withdrawn status Lost status Damaged status Not for loan Collection code Home library Current library Shelving location Date acquired Total Checkouts Full call number Barcode Date last seen Copy number Price effective from Koha item type Date last checked out
        Fiction City Campus Library City Campus Library General Stacks 03/30/2021   PL8681.4 HOD 1984 G21422 03/30/2021 c.1 03/30/2021 Books  
        Fiction City Campus Library City Campus Library General Stacks 04/06/2021   PL8681.4 HOD 1984 G22083 04/06/2021 c.2 04/06/2021 Books  
        Fiction City Campus Library City Campus Library General Stacks 04/07/2021 1 PL8681.4 HOD 1984 G23652 10/24/2025 c.3 04/07/2021 Books 10/13/2025
        Fiction City Campus Library City Campus Library General Stacks 04/07/2021   PL8681.4 HOD 1984 G21651 04/07/2021 c.4 04/07/2021 Books  
        Fiction City Campus Library City Campus Library General Stacks 04/08/2021   PL8681.4 HOD 1984 004361 04/08/2021 c.5 04/08/2021 Books  
        Fiction City Campus Library City Campus Library   04/14/2021   PL8681.4 HOD 1984 G23650 04/14/2021 c.6 04/14/2021 Books  
        Fiction City Campus Library City Campus Library General Stacks 04/15/2021   PL8681 HOD 1984 G23651 04/15/2021 c.7 04/15/2021 Books  
        Fiction City Campus Library City Campus Library General Stacks 04/20/2021 1 PL8681.4 HOD 1984 G23810 10/15/2024 c.8 04/20/2021 Books 10/07/2024
        Fiction Mashava Campus Library Mashava Campus Library General Stacks 05/19/2021   PL8681.4 HOD G23811 05/19/2021 c.9 05/19/2021 Books